Our king has horns! / (Record no. 1038)

MARC details
000 -LEADER
fixed length control field 00950cam a2200289 a 4500
005 - DATE AND TIME OF LATEST TRANSACTION
control field 20260322212044.0
008 - FIXED-LENGTH DATA ELEMENTS--GENERAL INFORMATION
fixed length control field data
010 ## - LIBRARY OF CONGRESS CONTROL NUMBER
LC control number 86023525
020 ## - INTERNATIONAL STANDARD BOOK NUMBER
International Standard Book Number 0027739201 :
Terms of availability {dollar}10.95
020 ## - INTERNATIONAL STANDARD BOOK NUMBER
International Standard Book Number 9780027739206 :
Terms of availability {dollar}10.95
040 ## - CATALOGING SOURCE
Original cataloging agency DLC
Transcribing agency DLC
Modifying agency DLC
042 ## - AUTHENTICATION CODE
Authentication code lcac
050 00 - LIBRARY OF CONGRESS CALL NUMBER
Classification number PZ8.1.P54
Item number Ou 1987
082 00 - DEWEY DECIMAL CLASSIFICATION NUMBER
Classification number E
-- E
Edition information 19
092 ## - LOCALLY ASSIGNED DEWEY CALL NUMBER (OCLC)
Classification number PZ 8.1 P54 Ou 1987
001 - CONTROL NUMBER
control field data
100 1# - MAIN ENTRY--PERSONAL NAME
Personal name Pevear, Richard,
Dates associated with a name 1943-
245 10 - TITLE STATEMENT
Title Our king has horns! /
Statement of responsibility, etc. Richard Pevear & Robert Rayevsky.
250 ## - EDITION STATEMENT
Edition statement 1st American ed.
260 ## - PUBLICATION, DISTRIBUTION, ETC.
Place of publication, distribution, etc. London :
Name of publisher, distributor, etc. Collier Macmillan,
Place of publication, distribution, etc. London :
Name of publisher, distributor, etc. Collier Macmillan,
Date of publication, distribution, etc. c1987.
300 ## - PHYSICAL DESCRIPTION
Extent [28] p. :
Other physical details col. ill. ;
Dimensions 26 cm.
520 ## - SUMMARY, ETC.
Summary, etc. Having discovered the king's horns while cutting his hair, a young barber is sworn to secrecy or he will lose his life.
650 #1 - SUBJECT ADDED ENTRY--TOPICAL TERM
Topical term or geographic name entry element Folklore.
650 #1 - SUBJECT ADDED ENTRY--TOPICAL TERM
Topical term or geographic name entry element Barbers
General subdivision Folklore.
650 #1 - SUBJECT ADDED ENTRY--TOPICAL TERM
Topical term or geographic name entry element Kings, queens, rulers, etc.
General subdivision Folklore.
700 1# - ADDED ENTRY--PERSONAL NAME
Personal name Rayevsky, Robert,
Relator term ill.
Holdings
Withdrawn status Lost status Damaged status Not for loan Home library Current library Shelving location Date acquired Total checkouts Full call number Barcode Date last seen Price effective from Koha item type
        Centerville Centerville General stacks 22/03/2026   398.2/2 E 19 BC0011072 22/03/2026 22/03/2026 Books